Rosco - Futbol #6 - Estadísticas

Estadísticas generales
  • Esta prueba ha sido intentada 638 veces
  • La puntuación promedio es 17 de 26
Estadísticas de respuestas
Letra Enunciado Respuesta % Correcto
K Apodo del exjugador Sergio Agüero. Kun
89%
Q País sede de la Copa del Mundo 2022. Qatar
84%
D Jugador que convirtió el denominado “Gol del Siglo”. Diego Armando Maradona
82%
B Actualmente se encuentra en el Real Madrid y utiliza el dorsal ‘21’. Brahim Díaz
78%
C Selección que termino en el 4° puesto en la Copa América 2024. Canadá
76%
Y Nombre del trofeo que se le otorga al mejor portero de la temporada. Yashin
73%
W Defensor francés que se encuentra actualmente en el Arsenal. William Saliba
70%
G Nombre del jugador que dijo la siguiente frase: “Gasté mucho dinero en coches, mujeres y alcohol. El resto lo malgasté”. George Best
68%
M Único equipo sueco en llegar a una final de Copa de Europa. Malmö
68%
N Nombre del equipo en donde Alan Shearer es el máximo goleador en toda su historia, con un total de 206 goles. Newcastle
67%
U Nombre del equipo en donde Rodrigo De Paul es la transferencia/venta más alta en su historia (Transferencia = €35.000.000). Udinese
67%
F Es la competición más antigua en la historia del futbol, disputada por primera vez en 1871. FA Cup
66%
X Apodo por el cual se conoce a los hinchas de Boca Juniors. Xeneize
65%
I Obtuvo “el triplete”, tras ganar la liga, copa nacional y Champions League en la temporada 2009-10. Inter de Milán
63%
Z Nombre del trofeo que se le otorga al mejor arquero de La Liga. Zamora
63%
A Exjugador apodado como “la Saeta Rubia”. Alfredo Di Stefano
62%
E Equipo que enfrentó en la final del Mundial de Clubes al Barcelona, en el año 2009, (resultado final: 2-1, a favor del Barcelona). Estudiantes de la Plata
61%
H Equipo español por donde pasó el jugador David Trezeguet. Hércules
61%
P Es el fichaje más caro que realizó el Manchester United en toda su historia. Paul Pogba
60%
V Nombre del estadio del Aston Villa. Villa Park
57%
O Equipo estadounidense en donde se retiró Kaká. Orlando City
54%
T Nacionalidad del exjugador Emmanuel Adebayor. Togo
54%
S Ganador de la Copa Libertadores en la temporada 2011. Santos
53%
L Después de San Marino, es la selección europea que se encuentra más bajo en el ranking FIFA. Liechtenstein
50%
R Apodo del AC Milán. Rossoneri (Rojinegros)
49%
J Era el jugador con mas goles en la historia, hasta que Lionel Messi y Cristiano Ronaldo lo superaron (actualmente es el tercer jugador con mas goles en la historia). Josef Bican
34%
No se encontraron pruebas coincidentes
Distribución de puntuación
Porcentaje de gente con cada puntuación
Porcentaje por número respondido
Historial de tus puntuaciones
No has intentado esta prueba.